1132 1300 1771 1526 1644 1275 1068 1557 1454 1986 1320 1908 1564 1675 1402 1542 1095 1015 1085 1892 1836 1485 1629 1277 1296 1348 1311 1053 1601 1426 1996 1538 1811 1957 1095 1625 1014 1835 1152 1727 1374 1063 1331 1560 1847 1936 1954 1933 1027 1660 1737 1053 1395 1395 2000 1996 1198 1057 1176 1461 1603 1864 1871 1320 1684 1021 1265 1172 1963 1207 1691 1335 1261 1417 1009 1460 1274 1169 1119 1043 1470 1224 1139 1395 1965 1063 1806 1544 1791 1505 1839 1414 1289 1258 1072 1212 1366 1277 1833 BCNSPRNW ULIB Ver.6.0+V

เปลี่ยนเป็นภาษาไทย

Change to English
 แสดงรายละเอียดบรรณานุกรม
  กลับหน้าหลัก

Brief Record : Get Marc (ISO 2709) : E-mail record : QR code < ปิดหน้าต่าง
LEADER : 00000nam 2200000uu 4500
001    13399110135
003     ULIB
008    110422s2552||||th 000 0 tha d
024    9786160600359
090    นว^bม756a 2552
100 0  เมย์ 112
245 00 Aus-boyพิชิตรักร้ายล่าหัวใจยัยจอมดื้อ^cmay 112
260    กรุงเทพฯ:^bแจ่มใส,^c2552
300    173 หน้า
945    ^p139^l0^i029994
995    เกษร
999    ^aใช้งานได้ทุกระบบ
รายการนี้ยังไม่มีแท็ก
คุณยังไม่ได้ล็อกอิน คุณสามารถมีกิจกรรมร่วมกับเว็บไซต์ได้ แต่ต้องล็อกอินก่อน ::
  ล็อกอิน

รายการสื่อสารสนเทศ

ลำดับที่ ประเภท เลขเรียก/บาร์โค้ด สถานที่ สถานะ
1. วิทยาศาสตร์การแพทย์ และสุขภาพ
วิทยาศาสตร์การแพทย์ และสุขภาพ
นว ม756a 2552  
  Barcode: 029994
ห้องสมุดวิทยาเขตสวรรค์ประชารักษ์
►นวนิยาย
บนชั้น
  ขอยืม

รายการใกล้เคียง
    ผู้แต่ง [เมย์ 112]

BibComment


ยังไม่เคยถูกคอมเมนท์

คอมเมนท์ทรัพยากรรายการนี้
  คอมเมนท์: Ausboyพิชิตรักร้า..


 Copyright 2026. Bcnsprnw @Library